Welcome to the Holygrace Academy Library

Please use search bar below to get started

LOOKING AT LIFE DIFFERENTLY (Record no. 5621)

MARC details
000 -LEADER
fixed length control field 00317nam a22001217a 4500
082 ## - DEWEY DECIMAL CLASSIFICATION NUMBER
Classification number 158
Item number SUK/L
100 ## - MAIN ENTRY--AUTHOR NAME
Personal name SUKHABODHANANDA,SWAMI
245 ## - TITLE STATEMENT
Title LOOKING AT LIFE DIFFERENTLY
260 ## - PUBLICATION, DISTRIBUTION, ETC. (IMPRINT)
Place of publication BANGALORE
Name of publisher PRASANNA TRUST
300 ## - PHYSICAL DESCRIPTION
Number of Pages 230
650 ## - SUBJECT ADDED ENTRY--TOPICAL TERM
Topical Term MINIMISING TENSIONS, MAXIMISING EFFECTIVENESS
Geographic subdivision BANGALORE
942 ## - ADDED ENTRY ELEMENTS (KOHA)
Koha item type Books
Holdings
Withdrawn status Lost status Collection code Home library Current library Shelving location Date acquired Source of acquisition Full call number Accession Number Koha item type
    Reference Main Library Main Library SHELF-17-J-BIOGRAPHIES & AUTOBIOGRAPHIES 04/07/2012 PURCHASE 158 SUK/L 06076 Books